Image a reputace - vzájemný vztah a vliv na hodnotu značky
Imidž značky je jedným z určujúcich faktorov pri hodnotení, nakoľko značka pomáha svojmu majiteľovi v jeho podnikaní, teda pri stanovení hodnoty značky. Dve roviny budovania značky. Imidž ovplyvňuje úspech firmy u zákazníkov. Imidž firmy sa nedá dosť dobre oddeliť od imidžu značky, ktorú dotyčná fir...
Salvato in:
| Autore principale: | |
|---|---|
| Natura: | Capitolo di libro |
| Lingua: | ceco |
| Soggetti: | |
| Tags: |
Nessun Tag, puoi essere il primo ad aggiungerne!!
|
MARC
| LEADER | 00000nla$a2200000$$$4500 | ||
|---|---|---|---|
| 001 | 0076396 | ||
| 005 | 20220801085037.2 | ||
| 041 | 0 | |a cze | |
| 044 | |a CZ | ||
| 245 | 1 | 0 | |a Image a reputace - vzájemný vztah a vliv na hodnotu značky |c Hana Neradilová |
| 520 | |a Imidž značky je jedným z určujúcich faktorov pri hodnotení, nakoľko značka pomáha svojmu majiteľovi v jeho podnikaní, teda pri stanovení hodnoty značky. Dve roviny budovania značky. Imidž ovplyvňuje úspech firmy u zákazníkov. Imidž firmy sa nedá dosť dobre oddeliť od imidžu značky, ktorú dotyčná firma na trhu reprezentuje. Príspevok je zameraný na vzťah značky a imidžu a zároveň vzťah značky a reputácie. | ||
| 610 | 2 | 0 | |a značky výrobkov |
| 610 | 2 | 0 | |a značky výrobné |
| 610 | 2 | 0 | |a hodnota |
| 610 | 2 | 0 | |a imidž |
| 610 | 2 | 0 | |a firmy |
| 100 | 1 | |a Neradilová, Hana | |